[Event "FRA-chT3"]
[Site "France"]
[Date "2001.??.??"]
[Round "6"]
[White "Bes, Stephane"]
[Black "Sabek, Pascal"]
[Result "1-0"]
[WhiteElo "2175"]
[BlackElo "1680"]
[PlyCount "48"]
[EventDate "2001.??.??"]
[EventType "team-tourn"]
[EventRounds "9"]
[EventCountry "FRA"]
[SourceTitle "EXT 2003"]
[Source "ChessBase"]
[SourceDate "2002.11.25"]
[SourceVersion "1"]
[SourceVersionDate "2002.11.25"]
[SourceQuality "1"]

1. e4 d5 2. exd5 Qxd5 3. Nc3 Qa5 4. Bc4 Bf5 5. Nf3 Nf6 6. d4 c6 7. Bd2 e6 8. Qe2 Nbd7 9. 0-0-0 Qc7 10. Nh4 Bg6 11. Nxg6 hxg6 12. Bxe6 fxe6 13. Qxe6+ Be7 14. Rhe1 Nf8 15. Qe2 Rxh2 16. Kb1 Rxg2 17. Bf4 Qd7 18. d5 cxd5 19. Nxd5 Nxd5 20. Rxd5 Rxf2 21. Qd3 Qc6 22. Rde5 Qxc2+ 23. Qxc2 Rxc2 24. Rxe7+ Kd8 1-0